000
00317nam a22001337a 4500
008
171020b xxu||||| |||| 00| 0 eng d
020
_a
2900073310236
041
_a
eng
080
_2
7TH
_a
338
100
_a
54
101
_a
MEN
245
_a
ESSENTIALS OF ATHLETIC INJURY MANAGEMENT
_c
PRENTICE,W.E
942
_2
udc
_c
BK
999
_c
35191
_d
35191